<?xml version="1.0" encoding="UTF-8"?>
<record
    xmlns:xsi="http://www.w3.org/2001/XMLSchema-instance"
    xsi:schemaLocation="http://www.loc.gov/MARC21/slim http://www.loc.gov/standards/marcxml/schema/MARC21slim.xsd"
    xmlns="http://www.loc.gov/MARC21/slim">

  <leader>01410cam a2200373 i 4500</leader>
  <controlfield tag="001">005517078</controlfield>
  <controlfield tag="003">YEEZEN</controlfield>
  <controlfield tag="005">20260311140308.0</controlfield>
  <controlfield tag="008">240222s2024    ch     g      000 0 chi d</controlfield>
  <datafield tag="020" ind1=" " ind2=" ">
    <subfield code="a">9786267366530</subfield>
    <subfield code="q">(&#x5E73;&#x88DD;) :</subfield>
    <subfield code="c">&#x65B0;&#x81FA;&#x5E63;420&#x5143;</subfield>
  </datafield>
  <datafield tag="040" ind1=" " ind2=" ">
    <subfield code="a">NPUST</subfield>
    <subfield code="b">chi</subfield>
    <subfield code="c">NPUST</subfield>
    <subfield code="e">CCR</subfield>
  </datafield>
  <datafield tag="041" ind1="1" ind2=" ">
    <subfield code="a">chi</subfield>
    <subfield code="h">eng</subfield>
  </datafield>
  <datafield tag="042" ind1=" " ind2=" ">
    <subfield code="a">nbic</subfield>
  </datafield>
  <datafield tag="044" ind1=" " ind2=" ">
    <subfield code="a">ch</subfield>
  </datafield>
  <datafield tag="084" ind1=" " ind2=" ">
    <subfield code="a">177.2</subfield>
    <subfield code="2">ncsclt</subfield>
  </datafield>
  <datafield tag="090" ind1=" " ind2=" ">
    <subfield code="a">177.2</subfield>
    <subfield code="b">4244-1</subfield>
  </datafield>
  <datafield tag="100" ind1="1" ind2=" ">
    <subfield code="a">&#x5E03;&#x9B6F;&#x514B;&#x65AF;</subfield>
    <subfield code="c">(Brooks, Arthur C.)</subfield>
    <subfield code="e">&#x8457;</subfield>
  </datafield>
  <datafield tag="245" ind1="1" ind2="0">
    <subfield code="a">&#x6253;&#x9020;&#x4F60;&#x8981;&#x7684;&#x4EBA;&#x751F; :</subfield>
    <subfield code="b">&#x6B50;&#x666E;&#x62C9;&#x8207;&#x54C8;&#x4F5B;&#x6559;&#x6388;&#x8AC7;&#x300C;&#x66F4;&#x5E78;&#x798F;&#x300D;&#x7684;&#x85DD;&#x8853;&#x8207;&#x79D1;&#x5B78; /</subfield>
    <subfield code="c">&#x4E9E;&#x745F;.&#x5E03;&#x9B6F;&#x514B;&#x65AF;(Arthur C. Brooks), &#x6B50;&#x666E;&#x62C9;.&#x6EAB;&#x5F17;&#x857E;(Oprah Winfery)&#x8457; ; &#x937E;&#x7389;&#x73A8;&#x8B6F;</subfield>
  </datafield>
  <datafield tag="246" ind1="3" ind2="3">
    <subfield code="a">&#x6B50;&#x666E;&#x62C9;&#x8207;&#x54C8;&#x4F5B;&#x6559;&#x6388;&#x8AC7;&#x66F4;&#x5E78;&#x798F;&#x7684;&#x85DD;&#x8853;&#x8207;&#x79D1;&#x5B78;</subfield>
  </datafield>
  <datafield tag="246" ind1="3" ind2="0">
    <subfield code="a">&#x6B50;&#x666E;&#x62C9;&#x8207;&#x54C8;&#x4F5B;&#x6559;&#x6388;&#x8AC7;&#x300C;&#x66F4;&#x5E78;&#x798F;&#x300D;&#x7684;&#x85DD;&#x8853;&#x8207;&#x79D1;&#x5B78;</subfield>
  </datafield>
  <datafield tag="260" ind1=" " ind2=" ">
    <subfield code="a">&#x81FA;&#x5317;&#x5E02; :</subfield>
    <subfield code="b">&#x57CE;&#x90A6;&#x6587;&#x5316;&#x5546;&#x696D;&#x5468;&#x520A;&#x51FA;&#x7248; :</subfield>
    <subfield code="b">&#x806F;&#x5408;&#x767C;&#x884C;&#x7E3D;&#x7D93;&#x92B7;,</subfield>
    <subfield code="c">2024.01</subfield>
  </datafield>
  <datafield tag="300" ind1=" " ind2=" ">
    <subfield code="a">270&#x9762; ;</subfield>
    <subfield code="c">21&#x516C;&#x5206;</subfield>
  </datafield>
  <datafield tag="490" ind1="1" ind2=" ">
    <subfield code="a">&#x7D05;&#x6C99;&#x9F8D; ;</subfield>
    <subfield code="v">65.</subfield>
  </datafield>
  <datafield tag="500" ind1=" " ind2=" ">
    <subfield code="a">&#x8B6F;&#x81EA; :Build the life you want : the art and science of getting happier.</subfield>
  </datafield>
  <datafield tag="650" ind1=" " ind2="7">
    <subfield code="a">&#x81EA;&#x6211;&#x5BE6;&#x73FE;</subfield>
    <subfield code="2">lcstt.</subfield>
  </datafield>
  <datafield tag="650" ind1=" " ind2="7">
    <subfield code="a">&#x6210;&#x529F;&#x6CD5;</subfield>
    <subfield code="2">lcstt.</subfield>
  </datafield>
  <datafield tag="700" ind1="1" ind2=" ">
    <subfield code="a">&#x6EAB;&#x5F17;&#x857E;</subfield>
    <subfield code="c">(Winfery, Oprah)</subfield>
    <subfield code="e">&#x8457;</subfield>
  </datafield>
  <datafield tag="700" ind1="1" ind2=" ">
    <subfield code="a">&#x937E;&#x7389;&#x73A8;</subfield>
    <subfield code="e">&#x8B6F;</subfield>
  </datafield>
  <datafield tag="700" ind1="1" ind2=" ">
    <subfield code="a">Brooks, Arthur C.</subfield>
  </datafield>
  <datafield tag="700" ind1="1" ind2=" ">
    <subfield code="a">Winfery, Oprah.</subfield>
  </datafield>
  <datafield tag="740" ind1="0" ind2="1">
    <subfield code="a">Build the life you want : the art and science of getting happier.</subfield>
  </datafield>
  <datafield tag="830" ind1=" " ind2="0">
    <subfield code="a">&#x7D05;&#x6C99;&#x9F8D; ;</subfield>
    <subfield code="v">65.</subfield>
  </datafield>
  <datafield tag="942" ind1=" " ind2=" ">
    <subfield code="2">ccl</subfield>
    <subfield code="c">BOOK</subfield>
  </datafield>
  <datafield tag="999" ind1=" " ind2=" ">
    <subfield code="c">7701</subfield>
    <subfield code="d">7701</subfield>
  </datafield>
  <datafield tag="952" ind1=" " ind2=" ">
    <subfield code="0">0</subfield>
    <subfield code="1">0</subfield>
    <subfield code="2">ccl</subfield>
    <subfield code="4">0</subfield>
    <subfield code="7">0</subfield>
    <subfield code="a">yeezen</subfield>
    <subfield code="b">yeezen</subfield>
    <subfield code="c">YEEZEN</subfield>
    <subfield code="d">2026-03-11</subfield>
    <subfield code="l">2</subfield>
    <subfield code="m">1</subfield>
    <subfield code="o">177.2</subfield>
    <subfield code="p">C03284</subfield>
    <subfield code="q">2026-04-24</subfield>
    <subfield code="r">2026-04-10 00:00:00</subfield>
    <subfield code="s">2026-04-10</subfield>
    <subfield code="w">2026-03-11</subfield>
    <subfield code="y">BOOK</subfield>
    <subfield code="z">&#xFF5C;&#x672C;&#x66F8;&#x7279;&#x8272;&#xFF5C; 1.&#x6B50;&#x666E;&#x62C9;&#x548C;&#x54C8;&#x4F5B;&#x6559;&#x6388;&#x7684;&#x5E78;&#x798F;&#x523B;&#x610F;&#x7DF4;&#x7FD2; &#x5C0D;&#x65BC;&#x5916;&#x5728;&#x74B0;&#x5883;&#x7684;&#x4E0D;&#x9806;&#x9042;&#x3001;&#x751F;&#x6D3B;&#x7684;&#x5931;&#x610F;&#xFF0C;&#x4F60;&#x53EF;&#x4EE5;&#x843D;&#x5165;&#x4E0D;&#x5E78;&#x7684;&#x65E2;&#x5B9A;&#x8ECC;&#x9053;&#xFF0C;&#x6307;&#x671B;&#x5916;&#x5728;&#x7684;&#x6539;&#x8B8A;&#x6216;&#x62EF;&#x6551;&#xFF0C;&#x6B50;&#x666E;&#x62C9;&#x548C;&#x5E03;&#x9B6F;&#x514B;&#x65AF;&#x6559;&#x6388;&#x57FA;&#x65BC;&#x63A1;&#x8A2A;&#xFF0F;&#x81EA;&#x8EAB;&#x7D93;&#x6B77;&#x8207;&#x79D1;&#x5B78;&#x7814;&#x7A76;&#xFF0C;&#x5766;&#x8AA0;&#x9053;&#x51FA;&#xFF1A;&#x8207;&#x5176;&#x5BC4;&#x671B;&#x4ED6;&#x4EBA;&#x7D66;&#x5E78;&#x798F;&#xFF0C;&#x4E0D;&#x5982;&#x5C08;&#x6CE8;&#x65BC;&#x4F60;&#x53EF;&#x4EE5;&#x63A7;&#x5236;&#x7684;&#x4EBA;&#x2014;&#x2014;&#x81EA;&#x5DF1;&#x3002;&#x4F60;&#x7684;&#x5E78;&#x798F;&#x53EF;&#x4EE5;&#x81EA;&#x5DF1;&#x300C;&#x523B;&#x610F;&#x7DF4;&#x7FD2;&#x300D;&#x2014;&#x2014;&#x8A8D;&#x771F;&#x7DF4;&#x7FD2;&#x8207;&#x5BE6;&#x8E10;&#x611F;&#x6069;&#x3001;&#x9078;&#x64C7;&#x7B11;&#x3001;&#x9078;&#x64C7;&#x5E0C;&#x671B;&#x3001;&#x7406;&#x6027;&#x95DC;&#x61F7;&#xFF0C;&#x5F9E;&#x800C;&#x6D3B;&#x51FA;&#x81EA;&#x5DF1;&#x60F3;&#x8981;&#x7684;&#x4EBA;&#x751F;&#x3002; 2. &#x4E00;&#x672C;&#x66F8;&#xFF0C;&#x966A;&#x6BCF;&#x500B;&#x8B80;&#x8005;&#x8D70;&#x4E00;&#x5834;&#x6253;&#x9020;&#x4EBA;&#x751F;&#x5E78;&#x798F;&#x7684;&#x65C5;&#x7A0B; &#x6B50;&#x666E;&#x62C9;&#x548C;&#x5E03;&#x9B6F;&#x514B;&#x65AF;&#x4EE5;&#x8CBC;&#x8FD1;&#x6BCF;&#x500B;&#x4EBA;&#x751F;&#x6D3B;&#x60C5;&#x5883;&#x7684;&#x6848;&#x4F8B;&#xFF0C;&#x6307;&#x5F15;&#x6253;&#x9020;&#x5E78;&#x798F;&#x7684;&#x6E05;&#x6670;&#x8DEF;&#x5F91;&#xFF0C;&#x5145;&#x6EFF;&#x52D9;&#x5BE6;&#x53EF;&#x884C;&#x7684;&#x5EFA;&#x8B70;&#x3002;&#x8B80;&#x8005;&#x53EF;&#x4EE5;&#x81EA;&#x884C;&#x7DF4;&#x7FD2;&#xFF0C;&#x96A8;&#x8457;&#x6642;&#x9593;&#x7684;&#x7D2F;&#x7A4D;&#xFF0C;&#x5C07;&#x8D70;&#x51FA;&#x6108;&#x4F86;&#x6108;&#x5E78;&#x798F;&#x7684;&#x4EBA;&#x751F;&#x65C5;&#x7A0B;&#x3002; 3. &#x53EA;&#x8981;&#x638C;&#x63E1;&#x56DB;&#x5927;&#x95DC;&#x9375;&#xFF0C;&#x5E78;&#x798F;&#x5C31;&#x4F86;&#x6572;&#x9580; &#x7372;&#x5F97;&#x7F8E;&#x597D;&#x4EBA;&#x751F;&#x7684;&#x95DC;&#x9375;&#x53EA;&#x6709;&#x56DB;&#x500B;&#xFF1A;&#xFF08;&#x4E0D;&#x76E1;&#x5B8C;&#x7F8E;&#x7684;&#xFF09;&#x5BB6;&#x5EAD;&#x3001;&#xFF08;&#x6DF1;&#x523B;&#x771F;&#x5BE6;&#x7684;&#xFF09;&#x53CB;&#x8ABC;&#x3001;&#xFF08;&#x8B93;&#x611B;&#x8B8A;&#x5177;&#x9AD4;&#x7684;&#xFF09;&#x5DE5;&#x4F5C;&#x548C;&#xFF08;&#x5C6C;&#x65BC;&#x4F60;&#x7684;&#xFF09;&#x4FE1;&#x4EF0;&#xFF0C;&#x5C07;&#x66F4;&#x591A;&#x6642;&#x9593;&#x3001;&#x6CE8;&#x610F;&#x529B;&#x548C;&#x7CBE;&#x529B;&#x6295;&#x8CC7;&#xFF0C;&#x5E73;&#x8861;&#x7684;&#x5728;&#x9019;&#x56DB;&#x5927;&#x652F;&#x67F1;&#x4E4B;&#x4E0A;&#xFF0C;&#x4F60;&#x6703;&#x6253;&#x9020;&#x51FA;&#x80FD;&#x7981;&#x5F97;&#x8D77;&#x98A8;&#x96E8;&#x6311;&#x6230;&#x7684;&#x5E78;&#x798F;&#x57FA;&#x790E;&#x3002; 4. &#x4E00;&#x4EFD;&#x7D66;&#x4F60;&#x6211;&#x3001;&#x7D66;&#x6BCF;&#x500B;&#x60F3;&#x8981;&#x5E78;&#x798F;&#x8B80;&#x8005;&#x7684;&#x79AE;&#x7269; &#x9019;&#x662F;&#x559C;&#x611B;&#x6B50;&#x666E;&#x62C9;&#x3001;&#x559C;&#x611B;&#x8EAB;&#x5FC3;&#x9748;&#x6210;&#x9577;&#x8B80;&#x8005;&#x53C8;&#x4E00;&#x5FC5;&#x9808;&#x8490;&#x85CF;&#x4E4B;&#x4F5C;&#xFF0C;&#x4E5F;&#x662F;&#x65B0;&#x5E74;&#x5EA6;&#x6700;&#x4F73;&#x8D08;&#x79AE;&#x3002;</subfield>
  </datafield>
</record>
